Socialismo revolucionario y darwinismo social
Saved in:
| 主要作者: | |
|---|---|
| 格式: | 圖書 |
| 語言: | 西班牙语 |
| 出版: |
Madrid
Akal
1999
|
| 版: | 1a. ed |
| 叢編: | Historia del Pensamiento y la Cultura, 41
|
| 主題: | |
| 標簽: |
添加標簽
沒有標簽, 成為第一個標記此記錄!
|
MARC
| LEADER | 00000cam a2200000 a 4500 | ||
|---|---|---|---|
| 001 | UCE8488 | ||
| 003 | CL-VaPUC | ||
| 008 | 150806e19990000sp |||||||||||||||||spa|d | ||
| 020 | |a 8446010879 | ||
| 082 | 0 | 4 | |a 303 |b MOC |2 21 |
| 100 | |a Mocek, Reinhard |e autor |9 581186 | ||
| 245 | 1 | 0 | |a Socialismo revolucionario y darwinismo social |
| 250 | |a 1a. ed | ||
| 300 | |a 77 p | ||
| 942 | |c BK | ||
| 945 | |d 20150806 12:26:00 |a gsalatino | ||
| 260 | |a Madrid |b Akal |c 1999 | ||
| 650 | 7 | |a DARWINISMO |2 CL-VaPUC |9 454284 | |
| 650 | 7 | |a EUGENESIA |2 CL-VaPUC |9 256404 | |
| 650 | 0 | |a Movimientos sociales |9 315241 | |
| 650 | 0 | |a Socialismo |9 255260 | |
| 583 | |a last modification |c 20150806 12:26:00 |k Rodrigo Vera | ||
| 490 | 0 | |a Historia del Pensamiento y la Cultura, 41 | |
| 999 | |c 360333 |d 360331 | ||
| 952 | |0 0 |1 0 |3 erb |4 0 |6 303_000000000000000_MOC_1999 |7 0 |8 A |9 470060 |a BIBEDU |b BIBEDU |i 5193117 |l 1 |o 303 MOC 1999 |p 5193117 |r 2023-07-11 |s 2023-07-11 |w 2019-11-23 |y BK |z Catalogado en:20150806 |k FIL | ||